| 000 | 02137nam a22002777a 4500 | ||
|---|---|---|---|
| 999 |
_c60847 _d60847 |
||
| 003 | Ge_BSU | ||
| 005 | 20231107114842.0 | ||
| 008 | 231107s2022 ge ||||| |||| 00| 0 geo d | ||
| 020 | _a9789941488672 | ||
| 041 | _ageo | ||
| 080 | _a392(=353.1)+334.712/713(479.223) მ-36 | ||
| 245 |
_aმასალები აჭარის ყოფისა და კულტურის შესწავლისათვის : _bტომი 3, ხელოსნობა-შინამრეწველობა / _cსარედაქციო კოლეგია: ნოდარ კახიძე (ტომის რედაქტორი), როინ მალაყმაძე, ნაილა ჩელებაძე [და სხვა]. ბათუმის შოთა რუსთველის სახელმწ. უნივერსიტეტი, ნიკო ბერძენიშვილის ინსტიტუტი, ეთნოლოგიის და სოციოლოგიური კვლევის განყოფილება. |
||
| 264 |
_aბათუმი : _bბათუმის შოთა რუსთველის სახელმწ. უნივერსიტეტი, _c2019. |
||
| 300 |
_a220 გვ. : _bილ.; _c25 სმ. |
||
| 501 | _aტერმინთა საძიებელი გვ. 193-201 | ||
| 653 | _aაჭარის ყოფა | ||
| 653 | _aაჭარის კულტურა | ||
| 653 | _aხელოსნობა | ||
| 653 | _aშინამრეწველობა | ||
| 700 |
_aკახიძე, ნოდარ _eტომის რედაქტორი. _920300 |
||
| 700 |
_aმალაყმაძე, როინ _e რედაქტორი _920301 |
||
| 700 |
_aჩელებაძე, ნაილა _eრედაქტორი _918103 |
||
| 700 |
_aვარშალომიძე, ჯემალ _eრედაქტორი _920302 |
||
| 700 |
_aბარამიძე, რუსლან _eრედაქტორი _920303 |
||
| 942 |
_2udc _cᲬᲘᲒᲜᲘ |
||